[Event "Arco op"]
[Site "Arco"]
[Date "2011.12.26"]
[Round "1"]
[White "Rizzo, Giuseppe"]
[Black "Dalponte, Dino"]
[Result "1-0"]
[WhiteElo "1732"]
[BlackElo "2078"]
[PlyCount "131"]
[EventDate "2011.12.26"]
[EventType "swiss"]
[EventRounds "7"]
[EventCountry "ITA"]
[SourceTitle "EXT 2023"]
[Source "ChessBase"]
[SourceDate "2022.10.05"]
[SourceVersion "1"]
[SourceVersionDate "2022.10.05"]
[SourceQuality "1"]

1. d4 d5 2. Nf3 c6 3. e3 Bg4 4. c4 e6 5. Qb3 Qc7 6. Nc3 Nd7 7. Bd2 Rb8 8. Rc1 Qd8 9. cxd5 exd5 10. Be2 Ngf6 11. Qc2 Bb4 12. a3 Bxc3 13. Bxc3 0-0 14. 0-0 Ne4 15. Bb4 Re8 16. Ne1 Bxe2 17. Qxe2 Re6 18. Nd3 Qh4 19. f3 Nef6 20. Qf2 Qxf2+ 21. Kxf2 g5 22. h3 Nh5 23. Rce1 Rbe8 24. Bd2 h6 25. Re2 Ng7 26. g4 Rf6 27. Rfe1 Rfe6 28. e4 dxe4 29. Rxe4 Nf6 30. Rxe6 Nxe6 31. Bc3 Nd5 32. Re4 Rd8 33. Nc1 Rd7 34. Nd3 Rd8 35. Kg3 Nf6 36. Re5 Nd5 37. h4 gxh4+ 38. Kxh4 Kg7 39. Kg3 Kg6 40. f4 Kg7 41. Kf3 b6 42. f5 Ng5+ 43. Kg3 f6 44. Re2 Kf7 45. Nf4 Nxf4 46. Kxf4 Rd7 47. Re3 Re7 48. Rxe7+ Kxe7 49. Bb4+ Kd7 50. Be1 Ke7 51. Bb4+ Kf7 52. Be1 a5 53. b4 a4 54. Ke3 b5 55. Bg3 Ke7 56. d5 c5 57. bxc5 b4 58. axb4 a3 59. Be1 Nf7 60. b5 a2 61. Bc3 Ne5 62. b6 Kd8 63. c6 Nc4+ 64. Kd3 Nxb6 65. Bxf6+ Kc7 66. Be5+ 1-0

[Event "Arco op 33rd"]
[Site "Arco"]
[Date "2011.10.23"]
[Round "2"]
[White "Cavatorta, Ivan"]
[Black "Dalponte, Dino"]
[Result "0-1"]
[WhiteElo "1808"]
[BlackElo "2078"]
[PlyCount "80"]
[EventDate "2011.10.22"]
[EventType "swiss"]
[EventRounds "9"]
[EventCountry "ITA"]
[SourceTitle "EXT 2012"]
[Source "ChessBase"]
[SourceDate "2011.11.24"]
[SourceVersion "1"]
[SourceVersionDate "2011.11.24"]
[SourceQuality "1"]

1. e4 d6 2. d4 c6 3. a4 Nf6 4. Nc3 g6 5. Nf3 Bg7 6. a5 0-0 7. Be2 Bg4 8. Be3 Nbd7 9. 0-0 h6 10. Qd2 Kh7 11. Rfd1 Qc7 12. h3 Bxf3 13. Bxf3 a6 14. g4 e5 15. dxe5 dxe5 16. Qd6 Qc8 17. h4 Rd8 18. g5 Ne8 19. Qe7 h5 20. Qxf7 Nf8 21. Bc5 Rxd1+ 22. Rxd1 Ne6 23. Bb6 Nd4 24. Bxd4 exd4 25. Rxd4 Qh3 26. Rd7 Qxh4 27. Qe7 Qf4 28. Kg2 h4 29. Ne2 h3+ 30. Kxh3 Qxf3+ 31. Ng3 Qxf2 32. Qe5 Rd8 33. Re7 Qf8 34. Kg4 Nd6 35. Qe6 Re8 36. Rxe8 Nxe8 37. e5 Nc7 38. Qd7 Nd5 39. e6 Qf4+ 40. Kh3 Qxg5 0-1

[Event "Arco op 32nd"]
[Site "Arco"]
[Date "2010.10.23"]
[Round "8"]
[White "Dalponte, Dino"]
[Black "Szabo, Bence"]
[Result "0-1"]
[WhiteElo "2141"]
[BlackElo "2375"]
[PlyCount "44"]
[EventDate "2010.10.16"]
[EventType "swiss"]
[EventRounds "9"]
[EventCountry "ITA"]
[SourceTitle "CBM 138 Extra"]
[Source "ChessBase"]
[SourceDate "2010.10.29"]
[SourceVersion "1"]
[SourceVersionDate "2010.10.29"]
[SourceQuality "1"]

1. d4 Nf6 2. Nf3 e6 3. c3 b6 4. Bg5 Bb7 5. Nbd2 c5 6. e3 Be7 7. Bd3 cxd4 8. exd4 0-0 9. 0-0 Nc6 10. Qe2 Nd5 11. Qe4 f5 12. Bxe7 Ncxe7 13. Qh4 Rf6 14. Qg3 Rg6 15. Qd6 Nc8 16. Qe5 d6 17. Qe1 Nf4 18. Bc4 Nxg2 19. Qxe6+ Rxe6 20. Bxe6+ Kh8 21. Kxg2 Qg5+ 22. Kh1 Qxd2 0-1

[Event "Arco op 32nd"]
[Site "Arco"]
[Date "2010.10.22"]
[Round "7"]
[White "Baeta, Marcio Netto"]
[Black "Dalponte, Dino"]
[Result "1-0"]
[WhiteElo "2221"]
[BlackElo "2141"]
[PlyCount "115"]
[EventDate "2010.10.16"]
[EventType "swiss"]
[EventRounds "9"]
[EventCountry "ITA"]
[SourceTitle "CBM 138 Extra"]
[Source "ChessBase"]
[SourceDate "2010.10.29"]
[SourceVersion "1"]
[SourceVersionDate "2010.10.29"]
[SourceQuality "1"]

1. e4 e6 2. d4 g6 3. f4 Bg7 4. Nf3 d6 5. Bd3 Ne7 6. Be3 b6 7. c3 d5 8. e5 c5 9. Na3 c4 10. Be2 Bd7 11. 0-0 a5 12. b3 b5 13. Qd2 Qc7 14. bxc4 bxc4 15. Rab1 Bc6 16. Nb5 Bxb5 17. Rxb5 Nbc6 18. Rfb1 Ra7 19. Bd1 0-0 20. Ba4 Rb8 21. Qb2 Raa8 22. Rb6 Qc8 23. Qa3 Bf8 24. Qc5 Rxb6 25. Rxb6 Ra6 26. Bc1 Rxb6 27. Qxb6 Qb8 28. Qxb8 Nxb8 29. Be8 h6 30. g4 Nec6 31. f5 gxf5 32. gxf5 Nd8 33. f6 Kh7 34. Nh4 Nbc6 35. Kf2 h5 36. Kf3 Bh6 37. Bxh6 Kxh6 38. Ng2 Kg5 39. h4+ Kf5 40. Ne3+ Kg6 41. Kf4 Nb8 42. Nf1 Na6 43. Ng3 Nc7 44. Ba4 Kh6 45. Bd1 Nb5 46. Ne2 Na3 47. Ba4 Kg6 48. Ng3 Kh6 49. Ke3 Nb1 50. Ne2 Nb7 51. Bc2 Na3 52. Kd2 Nxc2 53. Kxc2 Kg6 54. Ng3 Nd8 55. Kb2 Nc6 56. Ka3 Na7 57. Ka4 Nc6 58. Kb5 1-0

[Event "Arco op 32nd"]
[Site "Arco"]
[Date "2010.10.17"]
[Round "2"]
[White "Del Nevo, Claudio"]
[Black "Dalponte, Dino"]
[Result "0-1"]
[WhiteElo "1859"]
[BlackElo "2141"]
[PlyCount "37"]
[EventDate "2010.10.16"]
[EventType "swiss"]
[EventRounds "9"]
[EventCountry "ITA"]
[SourceTitle "CBM 138 Extra"]
[Source "ChessBase"]
[SourceDate "2010.10.29"]
[SourceVersion "1"]
[SourceVersionDate "2010.10.29"]
[SourceQuality "1"]

1. d4 d5 2. Nf3 c6 3. c3 Nf6 4. Bg5 h6 5. Bxf6 exf6 6. e3 Bf5 7. Bd3 Be4 8. Qc2 f5 9. Nbd2 Bd6 10. h4 Nd7 11. h5 Qe7 12. 0-0-0 Nf6 13. Nh4 Ng4 14. Ndf3 Qe6 15. Qe2 g5 16. hxg6 fxg6 17. g3 0-0-0 18. Bxe4 dxe4 19. c4 0-1

[Event "Arco op 27th"]
[Site "Arco"]
[Date "2005.10.29"]
[Round "8"]
[White "Dalponte, Dino"]
[Black "Mukic, Josko"]
[Result "0-1"]
[WhiteElo "2101"]
[BlackElo "2328"]
[PlyCount "72"]
[EventDate "2005.10.22"]
[EventType "swiss"]
[EventRounds "9"]
[EventCountry "ITA"]
[SourceTitle "EXT 2006"]
[Source "ChessBase"]
[SourceDate "2005.11.24"]
[SourceVersion "1"]
[SourceVersionDate "2005.11.24"]
[SourceQuality "1"]

1. d4 g6 2. Nf3 Bg7 3. Nbd2 Nf6 4. c3 0-0 5. e3 d6 6. Bd3 Nbd7 7. 0-0 e5 8. e4 Nh5 9. dxe5 dxe5 10. Nb3 Nf4 11. Bxf4 exf4 12. Bc2 c5 13. Qd5 Qe7 14. Rad1 Rb8 15. Rfe1 b6 16. Qd6 Qxd6 17. Rxd6 Ne5 18. Nxe5 Bxe5 19. Rd5 Bg7 20. f3 Be6 21. Rd2 a5 22. Nc1 Rfc8 23. Bb3 c4 24. Bd1 Bf8 25. Ne2 Bc5+ 26. Kf1 Be3 27. Rd6 Rd8 28. Rxd8+ Rxd8 29. Ba4 Rd2 30. Rb1 g5 31. Ke1 g4 32. Bb5 gxf3 33. gxf3 Kg7 34. b3 Rxa2 35. bxc4 a4 36. Nc1 Rxh2 0-1

[Event "Arco op 27th"]
[Site "Arco"]
[Date "2005.10.26"]
[Round "5"]
[White "Moratto, Davide"]
[Black "Dalponte, Dino"]
[Result "0-1"]
[WhiteElo "2009"]
[BlackElo "2101"]
[PlyCount "80"]
[EventDate "2005.10.22"]
[EventType "swiss"]
[EventRounds "9"]
[EventCountry "ITA"]
[SourceTitle "EXT 2006"]
[Source "ChessBase"]
[SourceDate "2005.11.24"]
[SourceVersion "1"]
[SourceVersionDate "2005.11.24"]
[SourceQuality "1"]

1. e4 d6 2. d4 g6 3. Nc3 Bg7 4. f4 h5 5. Nf3 Bg4 6. Be2 Nc6 7. Be3 e6 8. h3 Bxf3 9. Bxf3 Qh4+ 10. Kf1 Nd8 11. Ne2 Qe7 12. a4 d5 13. e5 Qb4 14. Qc1 Ne7 15. c3 Qb6 16. b4 Nf5 17. Bf2 h4 18. Kg1 Bh6 19. Kh2 Nc6 20. Rd1 Nxe5 21. a5 Nxf3+ 22. gxf3 Qb5 23. Qd2 Qc6 24. Rdb1 a6 25. Qd3 Qd6 26. b5 Bxf4+ 27. Nxf4 Qxf4+ 28. Kg2 0-0 29. bxa6 bxa6 30. Rb7 Rfb8 31. Rab1 Rxb7 32. Rxb7 Qd6 33. Qb1 Qd8 34. Qb3 Nd6 35. Rb4 Nc4 36. Rxc4 dxc4 37. Qxc4 Qg5+ 38. Kh2 Rb8 39. Qxa6 Rb1 40. Qf1 Qg3+ 0-1

[Event "Riva del Garda op 2nd"]
[Site "Riva del Garda"]
[Date "2004.12.27"]
[Round "2"]
[White "Brunello, Sabino"]
[Black "Dalponte, Dino"]
[Result "1-0"]
[WhiteElo "2258"]
[BlackElo "2096"]
[PlyCount "51"]
[EventDate "2004.12.26"]
[EventType "swiss"]
[EventRounds "7"]
[EventCountry "ITA"]
[SourceTitle "CBM 104 Extra"]
[Source "ChessBase"]
[SourceDate "2005.03.01"]
[SourceVersion "1"]
[SourceVersionDate "2005.03.01"]
[SourceQuality "1"]

1. e4 d6 2. d4 c6 3. Nc3 Nf6 4. f3 Nbd7 5. Be3 Qb6 6. Bc4 Qxb2 7. Nge2 Qb6 8. 0-0 Qc7 9. a4 e6 10. Bb3 a6 11. f4 d5 12. f5 Bb4 13. fxe6 fxe6 14. e5 Ng4 15. Bd2 Qb6 16. a5 Qa7 17. Na4 Bxd2 18. Qxd2 Nh6 19. Nf4 b5 20. Nxe6 bxa4 21. Nxg7+ Kd8 22. Ne6+ Ke8 23. Qxh6 Nxe5 24. Bxa4 Kd7 25. Qg7+ Kxe6 26. Rf6# 1-0

[Event "Arco op 25th"]
[Site "Arco"]
[Date "2003.10.26"]
[Round "9"]
[White "Dalponte, Dino"]
[Black "Weinberg, Emanuele"]
[Result "1-0"]
[WhiteElo "2134"]
[BlackElo "1939"]
[PlyCount "81"]
[EventDate "2003.10.18"]
[EventType "swiss"]
[EventRounds "9"]
[EventCountry "ITA"]
[SourceTitle "EXT 2004"]
[Source "ChessBase"]
[SourceDate "2003.11.25"]
[SourceVersion "1"]
[SourceVersionDate "2003.11.25"]
[SourceQuality "1"]

1. d4 Nf6 2. Nf3 g6 3. c3 Bg7 4. Bg5 Ne4 5. Bh4 d5 6. Nbd2 f5 7. e3 Nd7 8. Bd3 Ndf6 9. Ne5 Nxd2 10. Qxd2 Ne4 11. Qe2 Bf6 12. Bg3 c6 13. f3 Nd6 14. a3 Bd7 15. 0-0 0-0 16. Rad1 Nf7 17. Nxf7 Rxf7 18. Be5 Bxe5 19. dxe5 Qc7 20. f4 c5 21. h4 e6 22. g4 Rg7 23. Kf2 Kh8 24. h5 gxh5 25. gxf5 Rag8 26. Rg1 Rxg1 27. Rxg1 Rxg1 28. Kxg1 exf5 29. Qxh5 Qc8 30. Kf2 Be6 31. Qh6 Kg8 32. Qg5+ Kh8 33. Qf6+ Kg8 34. Qe7 Kh8 35. Bc2 a6 36. c4 Kg8 37. cxd5 Bxd5 38. Qg5+ Kh8 39. Qf6+ Kg8 40. Bxf5 Qc7 41. e6 1-0

[Event "Arco op 25th"]
[Site "Arco"]
[Date "2003.10.23"]
[Round "6"]
[White "Dalponte, Dino"]
[Black "Giurato, Sergio"]
[Result "1/2-1/2"]
[WhiteElo "2134"]
[BlackElo "2029"]
[PlyCount "70"]
[EventDate "2003.10.18"]
[EventType "swiss"]
[EventRounds "9"]
[EventCountry "ITA"]
[SourceTitle "EXT 2004"]
[Source "ChessBase"]
[SourceDate "2003.11.25"]
[SourceVersion "1"]
[SourceVersionDate "2003.11.25"]
[SourceQuality "1"]

1. d4 Nf6 2. Nf3 e6 3. Bg5 c5 4. e3 Be7 5. c3 b6 6. Bd3 Bb7 7. Qe2 d5 8. Nbd2 Nc6 9. 0-0 Qc7 10. Bf4 Bd6 11. Bxd6 Qxd6 12. Bb5 0-0 13. Bxc6 Bxc6 14. Ne5 Bb7 15. f4 Nd7 16. Nxd7 Qxd7 17. Rf3 f6 18. Rh3 Rae8 19. Nf3 Bc6 20. Qe1 Bb5 21. Rd1 Qe7 22. g4 a5 23. Rd2 Bd7 24. Qh4 g6 25. Rg3 Rf7 26. g5 f5 27. Ne5 Rg7 28. Kf2 Rc8 29. Qh3 c4 30. Qf1 Be8 31. Qe2 b5 32. a3 b4 33. axb4 axb4 34. Rg1 Ra8 35. Rdd1 Qd6 1/2-1/2

[Event "Arco op 25th"]
[Site "Arco"]
[Date "2003.10.19"]
[Round "2"]
[White "Ricci, Alfredo"]
[Black "Dalponte, Dino"]
[Result "1-0"]
[WhiteElo "2029"]
[BlackElo "2134"]
[PlyCount "84"]
[EventDate "2003.10.18"]
[EventType "swiss"]
[EventRounds "9"]
[EventCountry "ITA"]
[SourceTitle "EXT 2004"]
[Source "ChessBase"]
[SourceDate "2003.11.25"]
[SourceVersion "1"]
[SourceVersionDate "2003.11.25"]
[SourceQuality "1"]

1. e4 e6 2. d3 Nc6 3. Nf3 Nge7 4. g3 Ng6 5. Bg2 Be7 6. 0-0 0-0 7. h4 h6 8. d4 d6 9. c4 e5 10. d5 Nb8 11. Nc3 Bg4 12. Qb3 b6 13. Nh2 Qc8 14. Nxg4 Qxg4 15. Nb5 Bd8 16. Qf3 Qxf3 17. Bxf3 Nd7 18. Bg2 Nc5 19. b4 Nb7 20. h5 Ne7 21. f4 a6 22. Nc3 a5 23. fxe5 axb4 24. Nb5 dxe5 25. Bb2 f6 26. Bh3 Nc5 27. d6 cxd6 28. Nxd6 Nc6 29. a3 Nb3 30. Be6+ Kh7 31. Bd5 Be7 32. Nf5 Bc5+ 33. Kg2 Nxa1 34. axb4 Nd4 35. Bxa8 Rxa8 36. bxc5 Ra2 37. Rf2 Nxf5 38. cxb6 Nd6 39. c5 Ra6 40. Bxa1 Nxe4 41. b7 Nxc5 42. b8Q Rxa1 1-0

[Event "Arco op 24th"]
[Site "Arco"]
[Date "2002.10.26"]
[Round "9"]
[White "Dalponte, Dino"]
[Black "Astengo, Marcello"]
[Result "1-0"]
[WhiteElo "2138"]
[BlackElo "2092"]
[PlyCount "71"]
[EventDate "2002.10.18"]
[EventType "swiss"]
[EventRounds "9"]
[EventCountry "ITA"]
[SourceTitle "EXT 2004"]
[Source "ChessBase"]
[SourceDate "2003.11.25"]
[SourceVersion "1"]
[SourceVersionDate "2003.11.25"]
[SourceQuality "1"]

1. d4 d5 2. Nf3 Nf6 3. Bg5 Ne4 4. Bf4 e6 5. Nbd2 f6 6. h3 g5 7. Bh2 h5 8. e3 Bd6 9. Bxd6 cxd6 10. Be2 f5 11. Nxe4 dxe4 12. Nd2 h4 13. c3 Nd7 14. Bh5+ Kf8 15. Be2 Nf6 16. Qb3 Qc7 17. Nc4 Bd7 18. Qa3 Ke7 19. Ne5 Be8 20. Nc4 Nd5 21. Kd2 f4 22. Ne5 Rf8 23. Rhf1 Rc8 24. Ng4 b5 25. Qb3 a6 26. a3 Bd7 27. Qc2 Bc6 28. Rac1 Rf7 29. f3 fxe3+ 30. Nxe3 Nxe3 31. Kxe3 exf3 32. Bxf3 Bxf3 33. Rxf3 Rxf3+ 34. gxf3 Rf8 35. Qg6 Qc6 36. Qxg5+ 1-0

[Event "Arco op 21st"]
[Site "Arco"]
[Date "1999.10.25"]
[Round "3"]
[White "Ager, Josef"]
[Black "Dalponte, Dino"]
[Result "0-1"]
[WhiteElo "2330"]
[BlackElo "2163"]
[PlyCount "100"]
[EventDate "1999.10.23"]
[EventType "swiss"]
[EventRounds "9"]
[EventCountry "ITA"]
[SourceTitle "EXT 2000"]
[Source "ChessBase"]
[SourceDate "1999.11.16"]
[SourceVersion "1"]
[SourceVersionDate "1999.11.16"]
[SourceQuality "1"]

1. d4 d5 2. Nf3 Bf5 3. g3 e6 4. Bg2 Bd6 5. 0-0 Nd7 6. c4 c6 7. Nc3 Ngf6 8. b3 0-0 9. Bb2 Ne4 10. Nh4 Nxc3 11. Bxc3 Bg4 12. Qd2 f5 13. f3 Bh5 14. e4 g5 15. exf5 exf5 16. Nxf5 Rxf5 17. g4 Rf4 18. gxh5 Rh4 19. h3 Qf6 20. Rae1 Nf8 21. cxd5 Bf4 22. Qd3 cxd5 23. Re5 Bxe5 24. dxe5 Qb6+ 25. Kh1 d4 26. Bd2 Rxh5 27. f4 gxf4 28. Rxf4 Rd8 29. Qf3 Rh6 30. Rf7 Rg6 31. Re7 Rg7 32. Rxg7+ Kxg7 33. Bg5 Kg8 34. Bxd8 Qxd8 35. Qxb7 Qh4 36. Qe4 Qxe4 37. Bxe4 Kf7 38. Bf5 Ng6 39. Bxg6+ hxg6 40. Kg2 Ke6 41. Kf3 Kxe5 42. a3 g5 43. Ke2 Ke4 44. b4 d3+ 45. Kd2 Kd4 46. b5 Kc5 47. a4 Kc4 48. a5 Kxb5 49. Kxd3 Kxa5 50. Kc4 Kb6 0-1